Statistics for Solve the Secret U.S. State

Click here to take the quiz!

General Stats

  • This quiz has been taken 996 times
  • The average score is 24 of 27

Answer Stats

State% Correct
AHTUIowa
100%
GIMNOWYAlabama
99%
LAEIMNIdaho
99%
AESTXOhio
99%
ADHIOTexas
99%
WHIOOUtah
99%
EGNOORMaine
97%
EAAAKLSNevada
97%
DEKNORWYWyoming
97%
AAKNSSAlaska
96%
AAHIIWKansas
95%
EAADHKNOORTTWashington
95%
AAEGGIORArizona
94%
AAINORZHawaii
94%
AADENVOregon
93%
AAAABLMFlorida
92%
ADFILORGeorgia
92%
ADDEHILNORSNorth Dakota
90%
AGIIINRVNew York
87%
AAAKNRSSVirginia
86%
AAHKLMOOArkansas
85%
AEEEENNSSTOklahoma
84%
CIINNOSSWTennessee
84%
AGHINNOSTWWisconsin
83%
DELAWARE
78%
RPennsylvania
67%
AAEILNNNPSVYRhode Island
67%

Score Distribution

Percentile by Number Answered

Percent of People with Each Score

Your Score History

You have not taken this quiz